000 00321nam a22001337a 4500
020 _a9221014479
082 _a331.70973CAR
245 _aCareer planning and development
260 _aGeneva
_bILO
_c1976
300 _a140P
_bill,:25cm
490 _aSeries No.12
650 _aCareer planning and development
942 _cBK
999 _c14956
_d14956